<?xml version="1.0" encoding="UTF-8"?>
<record
    xmlns:xsi="http://www.w3.org/2001/XMLSchema-instance"
    xsi:schemaLocation="http://www.loc.gov/MARC21/slim http://www.loc.gov/standards/marcxml/schema/MARC21slim.xsd"
    xmlns="http://www.loc.gov/MARC21/slim">

  <leader>00415nam a2200157Ia 4500</leader>
  <controlfield tag="008">230718s9999    xx            000 0 und d</controlfield>
  <datafield tag="041" ind1=" " ind2=" ">
    <subfield code="a">eng</subfield>
  </datafield>
  <datafield tag="082" ind1=" " ind2=" ">
    <subfield code="a">363.738745</subfield>
    <subfield code="b">MON</subfield>
  </datafield>
  <datafield tag="100" ind1=" " ind2=" ">
    <subfield code="a">Monbiot George.</subfield>
    <subfield code="9">145489</subfield>
  </datafield>
  <datafield tag="245" ind1=" " ind2=" ">
    <subfield code="a">Heat How To Stop The Planet Burning</subfield>
  </datafield>
  <datafield tag="260" ind1=" " ind2=" ">
    <subfield code="b">Penguin Book</subfield>
  </datafield>
  <datafield tag="300" ind1=" " ind2=" ">
    <subfield code="a">279</subfield>
  </datafield>
  <datafield tag="365" ind1=" " ind2=" ">
    <subfield code="c">Rs.</subfield>
    <subfield code="b">280.00</subfield>
  </datafield>
  <datafield tag="700" ind1=" " ind2=" ">
    <subfield code="a">Monbiot George.</subfield>
    <subfield code="9">145489</subfield>
  </datafield>
  <datafield tag="906" ind1=" " ind2=" ">
    <subfield code="d">B:224518-Oct-2007</subfield>
    <subfield code="c">MECH</subfield>
    <subfield code="b">56</subfield>
  </datafield>
  <datafield tag="999" ind1=" " ind2=" ">
    <subfield code="c">317841</subfield>
    <subfield code="d">317841</subfield>
  </datafield>
  <datafield tag="952" ind1=" " ind2=" ">
    <subfield code="0">0</subfield>
    <subfield code="1">0</subfield>
    <subfield code="4">0</subfield>
    <subfield code="7">0</subfield>
    <subfield code="a">CCEP</subfield>
    <subfield code="b">CCEP</subfield>
    <subfield code="d">2007-11-29</subfield>
    <subfield code="e">Tbs</subfield>
    <subfield code="f">MECH</subfield>
    <subfield code="g">224.00</subfield>
    <subfield code="i">2245</subfield>
    <subfield code="l">0</subfield>
    <subfield code="o">363.738745</subfield>
    <subfield code="p">CCEP-BK-29048</subfield>
    <subfield code="r">2023-07-18 00:00:00</subfield>
    <subfield code="t">56</subfield>
    <subfield code="v">280.00</subfield>
    <subfield code="w">2007-10-18</subfield>
    <subfield code="y">BK</subfield>
    <subfield code="z">029048</subfield>
  </datafield>
</record>
